| 000 | 02016nam a2200337 a 4500 | ||
|---|---|---|---|
| 999 |
_c10376 _d10376 |
||
| 001 | 10376 | ||
| 003 | BD-JhCC | ||
| 005 | 20210608134021.0 | ||
| 008 | 960416s1996 nyua 001 0 eng | ||
| 010 | _a 96002724 | ||
| 020 | _a0070240353 | ||
| 035 | _a(BD-JhCC)10376 | ||
| 040 |
_aDLC _cDLC _dDLC _dBD-JhCC |
||
| 050 | 0 | 0 |
_aQA76.73.C15 _bG67 1996 |
| 082 | 0 | 0 |
_a005.13/3 _220 _bGOT 2011 |
| 100 | 1 |
_aGottfried, Byron S., _d1934- |
|
| 245 | 1 | 0 |
_aSchaum's outline programming with C / _cByron S. Gottfried and Jitender Kumar Chhabra |
| 246 | 3 | 0 | _aOutline of theory and problems of programming with C |
| 246 | 3 | 0 | _aTheory and problems of programming with C |
| 246 | 1 | 4 | _aSchaum's outlines programming with C |
| 246 | 3 | 0 | _aProgramming with C |
| 250 | _a3rd ed. | ||
| 260 |
_aNew York : _bMcGraw Hill, _cc2011. |
||
| 300 |
_axvi, various p. : _bill. ; _c24 cm. |
||
| 490 | 0 | _aSchaum's outline series | |
| 520 | _aFortunately for you, there's Schaum's Outlines. More than 40 million students have trusted Schaum's to help them succeed in the classroom and on exams. Schaum's is the key to faster learning and higher grades in every subject. Each Outline presents all the essential course information in an easy-to-follow, topic-by-topic format. You also get hundreds of examples, solved problems, and practice exercises to test your skills. This Schaum's Outline gives you Practice problems with full explanations that reinforce knowledge Coverage of the most up-to-date developments in your course field In-depth review of practices and applications Fully compatible with your classroom text, Schaum's highlights all the important facts you need to know. Use Schaum's to shorten your study time-and get your best test scores! Schaum's Outlines-Problem Solved. | ||
| 650 | 0 | _aC (Computer program language) | |
| 700 | _aChhabra, Jitender Kumar | ||
| 942 |
_2ddc _cBK _012 |
||